000 00755nam a2200241Ia 4500
003 OSt
005 20220925204836.0
006 a|||||r|||| 00| 0
007 ta
008 220923b |||||||| |||| 00| 0 eng d
037 _cGeneral Book
040 _aRTL
_cRTL
_beng
041 _2eng
_aeng
082 _aY31:7:7.6.N7, L7
100 _aCliffe L and others Ed.
_9269113
245 0 _aGovernment and rural development in East Africa. E
260 _aHague
_bMartins Nijhoff
_c1977
300 _axiv, 330p
_ccm.
490 _aInstitute of Social Studies Series on Development of Societies.2
650 _aCommunity Development
942 _hY31:7:7.6.N7, L7
_cGB
_2CC
999 _c550564
_d550564